Most Searched Person by Year - Statistics

General Stats
  • This quiz has been taken 62 times
  • The average score is 5 of 21
Answer Stats
Year Hint Answer % Correct
2024 World leader Donald Trump
96%
2016 World leader Donald Trump
96%
2008 World leader Barack Obama
71%
2020 World leader Joe Biden
61%
2009 Musician Michael Jackson
59%
2018 British royal Meghan Markle
37%
2005 Musician Janet Jackson
35%
2010 Musician Justin Bieber
29%
2006 Socialite Paris Hilton
22%
2007 Musician Britney Spears
10%
2014 Actress Jennifer Lawrence
10%
2022 Actor Johnny Depp
6%
2019 Athlete Antonio Brown
4%
2025 Musician D4vd
4%
2013 World leader Nelson Mandela
4%
2012 Musician Whitney Houston
4%
2021 Actor Alec Baldwin
2%
2011 Drug trafficker Big Meech
0%
2023 Athlete Damar Hamlin
0%
2015 Athlete Lamar Odom
0%
2017 Television journalist Matt Lauer
0%
No matching quizzes found
Score Distribution
Percent of People with Each Score
Percentile by Number Answered
Your Score History
You have not taken this quiz